000 00784nam a2200217 i 4500
001 60360
003 ES-MaACL
005 20240509063053.0
007 t|
008 031104s1957 sp ||||1| cat d
100 1 _aEspriu, Salvador,
_d1913-1985
_947947
245 1 0 _aEvocació de Rosselló-Pórcel i altres notes /
_cSalvador Espriu ; próleg de Gonçal Lloveras ; retrat de l'autor i portada de Josep María de Martín.
260 _aBarcelona :
_bJoaquim Horta,
_c[1957] (
_fFrontis)
300 _a143 p. :
_b1 retr. aut. ;
_c19 cm.
490 1 _aSigne ;
_v3
700 1 _aLloveras, Gonçal (
_d1926-)
_972939
700 1 _aMartín, Josep María de.
_977328
830 0 _aSigne ;
_v3
_9186687
852 _aES-MaACL
_jC-13389
_bR.40553
999 _c60360
_d60360